LEADER 01747nam a2200289 i 4500 001 000000240759 003 CaOOAMICUS 005 20230207100918.0 008 150410s1692 fr u000 u fre u 013 $a219664 026 $adeu- erm- a-i- seme (3) 1692 (R) 040 $aSeMil$bita 245 10$aHistoire des conciles generaux commençant par le premier Concile de Nicée avec des notes d'eclaircissement & de critique sur les endroits difficiles qui se rencontrent dans l'histoire, dans les actes & dans les canons de ce premier synode oecumenique. 260 $aA Paris :$bChez Daniel Hortemels, ruë S. Jacques, au Mécenas,$c1692. 300 $a[8], 351, [3] p., [1] carta di tav. :$bill. ;$c8°. 500 $aSegnalato a c. A3r come vol. 1. di opera in più volumi, non ne verranno pubblicati altri in questa edizione, cfr. GBV e Copac. 500 $aIniz., testatine xilogr. 500 $aMarca calcogr. su front. stampato in rosso e nero 500 $aA carta pg4v : altro front. xilogr. 500 $aSegn.: pg4 A-2X4 650 4$aConcilio di Nicea I <325>.$0(OLS)http://semarc/subject/609 710 0 $aHorthemels, Daniel$c.$0(OLS)http://semarc/name/34570 850 $aSeMil 852 $aSeMil$W1$xVenegono$y1$m3D IV 95 FA$j191105$B191105$CSeMilBibl$Z2$F201919 $8I 996 $6245$aHistoire des conciles generaux commençant par le premier Concile de Nicée avec des notes d'eclaircissement & de critique sur les endroits difficiles qui se rencontrent dans l'histoire, dans les actes & dans les canons de ce premier synode oecumenique$9(OLS)http://semarc/title/342323 996 $6260$aA Paris :$bChez Daniel Hortemels, ruë S. Jacques, au Mécenas$9(OLS)http://semarc/publisher/54486 LEADER 00798nam a2200181 i 4500 001 000000028892 003 CaOOAMICUS 005 20180830125448.0 008 180830s1998 it u000 u ita u 040 $aSeMil$bita 100 1 $aGatz, Erwin .$0(OLS)http://semarc/name/5829 245 10$aKirche und Katholizismus seit 1945 /$chrsg. von Erwin Gatz. 260 $aPaderborn ; München ; Wien ; Zürich :$bSchöningh,$c1998. 300 $av. ;$c25 cm. 650 4$aChiesa - Storia - Sec. 20.-21.$0(OLS)http://semarc/subject/686 774 0 $tMittel-, West- und Nordeuropa.$z3-506-74460-7$gBand1$w()223534 996 $6245$aKirche und Katholizismus seit 1945$9(OLS)http://semarc/title/39209 996 $6260$aPaderborn ; München ; Wien ; Zürich :$bSchöningh$9(OLS)http://semarc/publisher/37923